Kolik stojí tržní hospodářství?
Vplyv transformácie v strednej a východnej Európe na sociálnu sféru. Vyššie sociálne náklady transformácie ako sa očakávalo - nezamestnanosť a rastúca bieda. Štatistika chudobných. Náklady na zmiernenie biedy. Rastúce nerovnosti (príjmy, dôchodky, mzdy). Hospodársky rast a chudoba. Zásadné otázky do...
Salvato in:
| Autore principale: | |
|---|---|
| Natura: | Capitolo di libro |
| Lingua: | ceco |
| Soggetti: | |
| Tags: |
Nessun Tag, puoi essere il primo ad aggiungerne!!
|
MARC
| LEADER | 00000naa a2200000 4500 | ||
|---|---|---|---|
| 001 | r024302 | ||
| 005 | 20221205101431.0 | ||
| 041 | 0 | |a cze | |
| 044 | |a CZ | ||
| 245 | 1 | 0 | |a Kolik stojí tržní hospodářství? |c B. Milanovic |
| 520 | |a Vplyv transformácie v strednej a východnej Európe na sociálnu sféru. Vyššie sociálne náklady transformácie ako sa očakávalo - nezamestnanosť a rastúca bieda. Štatistika chudobných. Náklady na zmiernenie biedy. Rastúce nerovnosti (príjmy, dôchodky, mzdy). Hospodársky rast a chudoba. Zásadné otázky do budúcnosti - charakter ekonomického oživenia, povaha aktívnej politiky zamestnanosti, lepšie cielené sociálne transfery. | ||
| 610 | 2 | 0 | |a transformácia |
| 610 | 2 | 0 | |a nezamestnanosť |
| 610 | 2 | 0 | |a chudoba |
| 610 | 2 | 0 | |a rast hospodársky |
| 610 | 2 | 0 | |a politika sociálna |
| 610 | 2 | 0 | |a východná Európa |
| 610 | 2 | 0 | |a stredná Európa |
| 100 | 1 | |a Milanovic, B. | |